Statistics for Ukraine States

Click here to take the quiz!

General Stats

  • This quiz has been taken 20 times
  • The average score is 9 of 25

Answer Stats

Answer% Correct
Kyiv
88%
Crimea
76%
Donetsk
71%
Lviv
65%
Odessa
65%
Kharkiv
59%
Kherson
53%
Luhansk
53%
Dnipropetrovsk
41%
Chernihiv
29%
Ivan
29%
Sevastopol
29%
Khmel
24%
Mykolaiv
24%
Rivne
24%
Zakarpattia
24%
Cherkasy
18%
Poltava
18%
Sumy
18%
Volyn
18%
Zaporizhzhia
18%
Kirovohrad
12%
Chemivisi
0%
Termopil
0%
Vinnysia
0%

Score Distribution

Percentile by Number Answered

Percent of People with Each Score

Your Score History

You have not taken this quiz